000 01066nam a2200313 i 4500
001 bg
003 KOSZ 005
005 20240405063042.0
008 011128s1977 pl a |000 0 pol
015 _aPB 1977/5189
035 _a(OCoLC)749174947
040 _aWA N
_cKOSZ 005/HR
_dKOSZ 005/HR
041 0 _apol
_bfre
080 _a349.6(438)
100 1 _aPaczuski, Ryszard
_d(1929- )
_eAutor
245 1 0 _aSystem prawno-organizacyjny ochrony środowiska w PRL /
_cRyszard Paczuski.
260 _aToruń :
_bUMK,
_c1977.
300 _a[4], 222 s. :
_bil. ;
_c24 cm.
380 _aKsiążki.
490 1 _aRozprawy / Uniwersytet Mikołaja Kopernika.
546 _aStreszcz. fr.
650 4 _aPrawo ochrony środowiska
_zPolska
_y1944-1989 r.
658 _aOchrona środowiska
648 4 _a1901-2000
648 4 _a1945-1989
856 _uhttp://koha.tu.koszalin.pl/cgi-bin/koha/opac-detail.pl?biblionumber=27625
_yKatalog online BPK
830 0 _aRozprawy - Uniwersytet Mikołaja Kopernika w Toruniu
942 _2UKD
_cKS
999 _c27625
_d27625